00486nam a22001577a 450000500170000000800410001702000180005804100120007608200140008810000120010224500970011425000190021126000430023030000300027365000250030320240918133047.0240918b |||||||| |||| 00| 0 eng d a9781776174263 aEnglish a346.1 SHI lEnglish aMarriage and the Dissolution of Marriage in Namibia / cE Shifotoka and J van der Byl-Hinda  aFirst Edition  aDurban: bLexisNexis (Pty) Ltd, c2023 bxii, 147 pages; c25 cm.  aLegal practice bLaw